Zodiac Signs Quiz #6 - Statistics

General Stats
  • This quiz has been taken 103 times
  • The average score is 11 of 12
Answer Stats
Hint Answer % Correct
Sign after Libra Scorpio
97%
December 21 - January 19 Capricorn
95%
Sign after Cancer Leo
93%
February 18 - March 20 Pisces
92%
Opposite of Libra Aries
91%
3rd Fire Sign Sagittarius
90%
1st Fixed Sign Taurus
90%
Ruled by Uranus Aquarius
89%
Michael Jackson is this Sign Virgo
88%
4th Sign Cancer
86%
Will Smith is this Sign Libra
86%
Virgo and __ are ruled by Mercury Gemini
85%
No matching quizzes found
Score Distribution
Percent of People with Each Score
Percentile by Number Answered
Your Score History
You have not taken this quiz